000 00327nam a22001337a 4500
020 _a0-340-89318-4
082 _a823
_bBLY/S
100 _aENID BLYTON
245 _aGOOD OLD SECRET SEVEN
260 _aGREAT BRITAIN
_bHODDER CHILDREN'S BOOK
_c1960
300 _a132
650 _aCHILDREN'S STORY BOOK
_zUNITED KINGDOM
942 _cBK
999 _c133
_d133